| 000 | 00483nam a22001457a 4500 | ||
|---|---|---|---|
| 003 | 0 | ||
| 005 | 20230315105917.0 | ||
| 008 | 230315b xxu||||| |||| 00| 0 eng d | ||
| 050 |
_aHG4026 _b.Sa26 2022 |
||
| 245 |
_aImpact of covid-19 in the course selection of selected ABM students _cCharina Kislev B. Santos |
||
| 260 |
_aLas Pinas City _bSouthville International School and Colleges _cC2022 |
||
| 300 |
_avii, 115pp. _c28cm. _fTheses |
||
| 500 | _aCourse selection. | ||
| 942 |
_2lcc _cTH |
||
| 999 |
_c364956 _d364956 |
||